| 000 | 00500nam a22002057a 4500 | ||
|---|---|---|---|
| 008 | 000000b xxu||||| |||| 00| 0 und d | ||
| 020 | _a978-1-84193-946-9 | ||
| 041 | _aEng | ||
| 082 |
_a808.83872 _bP752t |
||
| 100 | _aPoe, Edgar Allan | ||
| 245 | _aTales of mystry of imagination | ||
| 260 |
_aLondon _bArcturus _c2008 |
||
| 300 |
_a383p. _billus |
||
| 504 | _aIncludes bibliography | ||
| 650 | _aMystry | ||
| 650 | _aRhetoric | ||
| 650 | _aStories | ||
| 650 | _aTales | ||
| 942 |
_cGEN _2ddc |
||
| 999 |
_c71055 _d71041 |
||